Premiership Stadiums - Statistics

General Stats
  • This quiz has been taken 41 times
    4 since last reset
  • The average score is 15 of 20
Answer Stats
Hint Answer % Correct
Liverpool Anfield
100%
Fulham Craven Cottage
100%
Arsenal Emirates Stadium
100%
Everton Goodison Park
100%
Manchester United Old Trafford
100%
Chelsea Stamford Bridge
100%
West Brom Albion The Hawthorns
100%
Tottenham Hotspur White Hart Lane
100%
Manchester City Etihad Stadium
75%
Sunderland Stadium of Light
75%
Newcastle United St James Park
75%
Southampton St Mary's Stadium
75%
Aston Villa Villa Park
75%
Stoke City Britannia Stadium
50%
Norwich City Carrow Road
50%
Wigan Athletic DW Stadium
50%
Swansea City Liberty Stadium
50%
West Ham United The Boleyn Ground
50%
Queens Park Rangers Loftus Road
25%
Reading Madejski Stadium
25%
No matching quizzes found
Score Distribution
Percent of People with Each Score
Percentile by Number Answered
Your Score History
You have not taken this quiz since the last reset